000 00606nam a22001937a 4500
005 20251108172539.0
008 250721s2002 xx 000 0 ara d
020 _a9957050958
082 1 4 _a631.6/شما
100 1 _aالشمالي، خالد خيري
245 1 0 _aإستصلاح الأراضي وريها وصرفها وتسميدها وإدارتها /
264 1 _aعمان :
_bدار الضياء للنشر،
_c2002.
300 _a340 ص
650 1 7 _aتصنيف التربة
650 1 7 _aإستصلاح الأراضي
650 1 7 _aالزراعة
942 _2ddc
_cBK
999 _c82184
_d82184